Strategic change in Indian irrigation (Record no. 41041)

MARC details
000 -LEADER
fixed length control field 00430nam a2200157Ia 4500
082 ## - DEWEY DECIMAL CLASSIFICATION NUMBER
Classification number 631.67(540)
Item number SEV
100 ## - MAIN ENTRY--AUTHOR NAME
Personal name Gulati, Ashok
245 #0 - TITLE STATEMENT
Title Strategic change in Indian irrigation
260 ## - PUBLICATION, DISTRIBUTION, ETC. (IMPRINT)
Place of publication New Delhi
Name of publisher Macmillan india Ltd
Year of publication 1995
650 ## - SUBJECT ADDED ENTRY--TOPICAL TERM
Topical Term Canal irrigation
650 ## - SUBJECT ADDED ENTRY--TOPICAL TERM
Topical Term Irrigation management
650 ## - SUBJECT ADDED ENTRY--TOPICAL TERM
Topical Term Soil salinity
700 ## - ADDED ENTRY--PERSONAL NAME
Personal name Svendsen, Mark
942 ## - ADDED ENTRY ELEMENTS (KOHA)
Koha item type Books
Holdings
Withdrawn status Lost status Damaged status Not for loan Home library Current library Date acquired Cost, normal purchase price Full call number Accession Number Koha item type
        RRII Library RRII Library 16/12/2021 430.00 631.67(540) SEV 21333 Books